[Event "AUT-chT2M 2021"]
[Site "Graz"]
[Date "2021.03.13"]
[Round "3.1"]
[White "Postl, Anton"]
[Black "Bauer, Sebastian"]
[Result "0-1"]
[WhiteElo "2290"]
[BlackElo "2280"]
[PlyCount "76"]
[EventDate "2021.03.12"]
[EventType "team-tourn"]
[EventRounds "5"]
[EventCountry "AUT"]
[SourceTitle "CBM 201 Extra"]
[Source "ChessBase"]
[SourceDate "2021.05.31"]
[SourceVersion "1"]
[SourceVersionDate "2021.05.31"]
[SourceQuality "1"]
[WhiteTeam "Fuerstenfeld/Hartberg"]
[BlackTeam "St Veit"]
[WhiteTeamCountry "AUT"]
[BlackTeamCountry "AUT"]

1. Nf3 Nf6 2. c4 g6 3. Nc3 Bg7 4. e4 d6 5. d4 0-0 6. Be2 e5 7. 0-0 Nc6 8. d5 Ne7 9. Ne1 Nd7 10. Be3 f5 11. f3 f4 12. Bf2 g5 13. c5 Nf6 14. Rc1 Ng6 15. Nd3 Rf7 16. Kh1 Bf8 17. Rg1 h5 18. g3 fxg3 19. Rxg3 g4 20. cxd6 cxd6 21. Be3 h4 22. Rg1 g3 23. hxg3 hxg3 24. Rxg3 Rh7+ 25. Kg1 Kf7 26. Nb5 Nh5 27. Rc7+ Be7 28. Rxg6 Kxg6 29. f4 Ng3 30. Bf3 Qh8 31. f5+ Kf6 32. Nf2 Rg7 33. Bg2 Qh4 34. Qc2 Nxf5 35. exf5 Bxf5 36. Rc4 Qg3 37. Ne4+ Bxe4 38. Rxe4 Qe1+ 0-1

[Event "AUT-ch Vor4 Internet"]
[Site "Playchess.com INT"]
[Date "2020.04.25"]
[Round "4"]
[White "Postl, Anton"]
[Black "Pernerstorfer, Max"]
[Result "1-0"]
[WhiteElo "2290"]
[BlackElo "2066"]
[PlyCount "73"]
[EventDate "2020.04.25"]
[EventType "swiss (blitz)"]
[EventRounds "9"]
[EventCountry "AUT"]
[SourceTitle "EXT 2021"]
[Source "ChessBase"]
[SourceDate "2020.10.23"]
[SourceVersion "1"]
[SourceVersionDate "2020.10.23"]
[SourceQuality "1"]

1. d4 Nf6 2. c4 c5 3. d5 e6 4. Nc3 exd5 5. cxd5 d6 6. Bf4 g6 7. Nf3 Bg7 8. Qa4+ Bd7 9. Qb3 Qc7 10. e3 a6 11. a4 0-0 12. Be2 Bg4 13. 0-0 Bxf3 14. Bxf3 Nbd7 15. h3 Rfe8 16. Rfd1 b6 17. Rac1 Ne5 18. Be2 Ned7 19. Bf1 Ne4 20. Qc2 Nxc3 21. bxc3 Rab8 22. c4 Nf6 23. Rb1 Ne4 24. Rb3 f5 25. Rdb1 Rec8 26. g4 Qd7 27. Bg2 Nf6 28. f3 fxg4 29. hxg4 Ne8 30. Bh3 Qxa4 31. g5 Rd8 32. Kg2 b5 33. Qe2 bxc4 34. Rxb8 Rxb8 35. Rxb8 Kf8 36. Bxd6+ Kf7 37. Be6# 1-0

[Event "AUT-ch Vor3 Internet"]
[Site "Playchess.com INT"]
[Date "2020.04.17"]
[Round "8"]
[White "Charaus, Florian"]
[Black "Postl, Anton"]
[Result "1-0"]
[WhiteElo "2055"]
[BlackElo "2290"]
[PlyCount "65"]
[EventDate "2020.04.17"]
[EventType "swiss (blitz)"]
[EventRounds "9"]
[EventCountry "AUT"]
[SourceTitle "CBM 195 Extra"]
[Source "ChessBase"]
[SourceDate "2020.05.31"]
[SourceVersion "1"]
[SourceVersionDate "2020.05.31"]
[SourceQuality "1"]

1. d4 Nf6 2. c4 g6 3. Nc3 Bg7 4. e4 d6 5. Be2 0-0 6. Be3 e5 7. d5 a5 8. g4 Na6 9. g5 Ne8 10. h4 f5 11. gxf6 Nxf6 12. h5 gxh5 13. Bxh5 Nc5 14. f3 Bd7 15. Qe2 c6 16. 0-0-0 cxd5 17. Nxd5 Nxd5 18. cxd5 a4 19. Nh3 a3 20. Rdg1 axb2+ 21. Kb1 Na4 22. Qd2 Rc8 23. Ng5 Nc3+ 24. Kxb2 Qa5 25. Ka1 Ra8 26. Rh2 h6 27. Ne6 Bxe6 28. dxe6 Rfc8 29. Bf7+ Kf8 30. Bxh6 Bxh6 31. Qxh6+ Ke7 32. Qg5+ Kf8 33. Rh8# 1-0

[Event "AUT-ch Vor3 Internet"]
[Site "Playchess.com INT"]
[Date "2020.04.17"]
[Round "4"]
[White "Katter, Katharina"]
[Black "Postl, Anton"]
[Result "0-1"]
[WhiteElo "1930"]
[BlackElo "2290"]
[PlyCount "112"]
[EventDate "2020.04.17"]
[EventType "swiss (blitz)"]
[EventRounds "9"]
[EventCountry "AUT"]
[SourceTitle "CBM 195 Extra"]
[Source "ChessBase"]
[SourceDate "2020.05.31"]
[SourceVersion "1"]
[SourceVersionDate "2020.05.31"]
[SourceQuality "1"]

1. d4 Nf6 2. Nf3 g6 3. e3 Bg7 4. b3 d6 5. Bb2 b6 6. Be2 Bb7 7. 0-0 c5 8. c4 0-0 9. Nbd2 e6 10. Qc2 Nbd7 11. e4 cxd4 12. Nxd4 a6 13. N4f3 Rc8 14. Rad1 Qc7 15. Rfe1 Rfd8 16. Qb1 Nc5 17. Bf1 Qb8 18. e5 dxe5 19. Bxe5 Qa8 20. Qb2 Ne8 21. Bxg7 Nxg7 22. b4 Nd3 23. Bxd3 Rxd3 24. Ne5 Rdd8 25. f3 h5 26. Rc1 Qb8 27. Nf1 Qd6 28. a3 Nf5 29. Qe2 Nd4 30. Qe3 Kg7 31. Ng3 Qe7 32. Ne4 Bxe4 33. Qxe4 Qf6 34. Nd3 Nf5 35. Nf2 Rd4 36. Qe5 Rcd8 37. Qxf6+ Kxf6 38. c5 bxc5 39. bxc5 Rd2 40. Ne4+ Ke7 41. Nxd2 Rxd2 42. c6 Kd8 43. c7+ Kc8 44. g4 Nh4 45. Re3 hxg4 46. fxg4 Rd7 47. Rec3 g5 48. Kf2 Ng6 49. Ke3 Nf4 50. Ke4 f6 51. R1c2 Nd5 52. Rc6 f5+ 53. gxf5 exf5+ 54. Ke5 Ne3 55. R2c5 f4 56. Ke6 f3 0-1

[Event "AUT-ch Vor3 Internet"]
[Site "Playchess.com INT"]
[Date "2020.04.17"]
[Round "3"]
[White "Postl, Anton"]
[Black "Diermair, Andreas"]
[Result "0-1"]
[WhiteElo "2290"]
[BlackElo "2465"]
[PlyCount "82"]
[EventDate "2020.04.17"]
[EventType "swiss (blitz)"]
[EventRounds "9"]
[EventCountry "AUT"]
[SourceTitle "CBM 195 Extra"]
[Source "ChessBase"]
[SourceDate "2020.05.31"]
[SourceVersion "1"]
[SourceVersionDate "2020.05.31"]
[SourceQuality "1"]

1. d4 Nf6 2. c4 e6 3. Nf3 c5 4. d5 exd5 5. cxd5 d6 6. Bf4 g6 7. Nc3 a6 8. a4 Bg7 9. e3 0-0 10. h3 Re8 11. Be2 Ne4 12. Qc1 Qa5 13. Ra3 Nd7 14. 0-0 Ndf6 15. Rd1 Bf5 16. g4 Bd7 17. Nxe4 Nxe4 18. Nd2 Nxd2 19. Qxd2 Qxd2 20. Rxd2 Be5 21. Bxe5 Rxe5 22. Bc4 Rb8 23. a5 h5 24. gxh5 Rxh5 25. Rb3 Bxh3 26. Rb6 Rg5+ 27. Kh2 Kg7 28. f4 Rh5 29. Kg3 Re8 30. Rd3 Bf1 31. Rc3 Bxc4 32. Rxc4 Rxe3+ 33. Kf2 Rd3 34. Rxd6 Rh2+ 35. Kg1 Rxb2 36. Rc1 Rbd2 37. Rb6 Rxd5 38. Rxb7 c4 39. Rxc4 Rxa5 40. Rcc7 Ra1+ 41. Rc1 Rxc1# 0-1

[Event "AUT-ch Vor3 Internet"]
[Site "Playchess.com INT"]
[Date "2020.04.17"]
[Round "7"]
[White "Postl, Anton"]
[Black "Kern, Michael"]
[Result "0-1"]
[WhiteElo "2290"]
[BlackElo "1957"]
[PlyCount "122"]
[EventDate "2020.04.17"]
[EventType "swiss (blitz)"]
[EventRounds "9"]
[EventCountry "AUT"]
[SourceTitle "CBM 195 Extra"]
[Source "ChessBase"]
[SourceDate "2020.05.31"]
[SourceVersion "1"]
[SourceVersionDate "2020.05.31"]
[SourceQuality "1"]

1. d4 f5 2. g3 e6 3. Bg2 Nf6 4. Nf3 Be7 5. 0-0 0-0 6. c4 d6 7. Nc3 Ne4 8. Nxe4 fxe4 9. Nd2 d5 10. f3 Nc6 11. e3 exf3 12. Nxf3 b6 13. b3 Bb7 14. Bb2 a5 15. Qe2 a4 16. Kh1 axb3 17. axb3 Na5 18. Qc2 Bf6 19. Rac1 dxc4 20. bxc4 Qe7 21. e4 Rfd8 22. e5 Bg5 23. Rcd1 Bh6 24. h4 Qb4 25. g4 g6 26. g5 Bf8 27. h5 Qxc4 28. Qb1 Qb3 29. h6 Nc4 30. Ba1 Qxb1 31. Rxb1 Bxf3 32. Bxf3 Nd2 33. Bxa8 Rxa8 34. Bc3 Nxb1 35. Rxb1 Ra3 36. Rc1 Be7 37. Bd2 c5 38. dxc5 Bxc5 39. Kg2 Rd3 40. Bc3 Re3 41. Ba1 Re2+ 42. Kf3 Rf2+ 43. Kg3 Rf5 44. Kg4 Be3 45. Re1 Bxg5 46. Rd1 Bxh6 47. Rd7 Rf4+ 48. Kg3 Rf7 49. Rd8+ Rf8 50. Rd7 Bg7 51. Rb7 Rf5 52. Rxb6 Bxe5+ 53. Bxe5 Rxe5 54. Kf4 Rf5+ 55. Kg4 e5 56. Rb7 Rf4+ 57. Kg5 Rf5+ 58. Kg4 h6 59. Ra7 Rf7 60. Ra6 Kg7 61. Rf6 Kxf6 0-1

[Event "AUT-ch Vor2 Internet"]
[Site "Playchess.com INT"]
[Date "2020.04.13"]
[Round "3"]
[White "Charaus, Florian"]
[Black "Postl, Anton"]
[Result "0-1"]
[WhiteElo "2055"]
[BlackElo "2290"]
[PlyCount "62"]
[EventDate "2020.04.13"]
[EventType "swiss (blitz)"]
[EventRounds "9"]
[EventCountry "AUT"]
[SourceTitle "CBM 195 Extra"]
[Source "ChessBase"]
[SourceDate "2020.05.31"]
[SourceVersion "1"]
[SourceVersionDate "2020.05.31"]
[SourceQuality "1"]

1. d4 Nf6 2. c4 g6 3. Nc3 Bg7 4. e4 d6 5. Be2 0-0 6. Be3 e5 7. d5 Na6 8. g4 c6 9. g5 Ne8 10. h4 f5 11. gxf6 Nxf6 12. h5 gxh5 13. Bxh5 Nc5 14. Bxc5 dxc5 15. Nge2 Nxh5 16. Rxh5 Bg4 17. Rh1 Qg5 18. Qd3 Rf3 19. Qd1 Raf8 20. Qd2 Qxd2+ 21. Kxd2 Rxf2 22. Rag1 h5 23. Kd3 R8f3+ 24. Kd2 Bh6+ 25. Kd1 Kh7 26. Ke1 Rf6 27. Rg3 R2f3 28. Rg2 Rd3 29. Rf2 Rxf2 30. Kxf2 Rd2 31. Nd1 Rxe2+ 0-1

[Event "AUT-ch Vor2 Internet"]
[Site "Playchess.com INT"]
[Date "2020.04.13"]
[Round "5"]
[White "Postl, Anton"]
[Black "Schroll, Gerhard"]
[Result "1-0"]
[WhiteElo "2290"]
[BlackElo "2321"]
[PlyCount "87"]
[EventDate "2020.04.13"]
[EventType "swiss (blitz)"]
[EventRounds "9"]
[EventCountry "AUT"]
[SourceTitle "CBM 195 Extra"]
[Source "ChessBase"]
[SourceDate "2020.05.31"]
[SourceVersion "1"]
[SourceVersionDate "2020.05.31"]
[SourceQuality "1"]

1. d4 d5 2. c4 e6 3. Nf3 Nf6 4. Nc3 Be7 5. Bf4 0-0 6. e3 b6 7. h3 Bb7 8. Rc1 Nbd7 9. a3 c5 10. cxd5 Nxd5 11. Nxd5 Bxd5 12. Bd3 cxd4 13. exd4 Nf6 14. Bc7 Qe8 15. Qe2 Bxf3 16. Qxf3 Nd5 17. Be5 Rc8 18. 0-0 Qa4 19. h4 b5 20. h5 b4 21. axb4 Qxb4 22. Qe4 f5 23. Qe2 Bf6 24. Bc4 Bxe5 25. dxe5 Qa5 26. Rfd1 Rc5 27. Qd2 Qxd2 28. Rxd2 Rfc8 29. b3 Kf7 30. Ra1 R8c7 31. Rda2 Nb6 32. Bf1 Rxe5 33. Rxa7 Rxa7 34. Rxa7+ Kf6 35. Rb7 Nd5 36. Bc4 Re1+ 37. Kh2 Nf4 38. Rb6 Nxh5 39. b4 Nf4 40. b5 Rc1 41. Rc6 g5 42. b6 Rb1 43. Ba6 Nd5 44. b7 1-0

[Event "AUT-chT2M 1415"]
[Site "Austria"]
[Date "2015.04.17"]
[Round "9.1"]
[White "Postl, Anton"]
[Black "Holzmann, Herbert"]
[Result "1-0"]
[WhiteElo "2274"]
[BlackElo "2093"]
[PlyCount "83"]
[EventDate "2014.10.03"]
[EventType "team-tourn"]
[EventRounds "11"]
[EventCountry "AUT"]
[SourceTitle "EXT 2016"]
[Source "ChessBase"]
[SourceDate "2015.10.08"]
[SourceVersion "1"]
[SourceVersionDate "2015.10.08"]
[SourceQuality "1"]
[WhiteTeam "Fuerstenfeld/Hartberg"]
[BlackTeam "Steyregg"]
[WhiteTeamCountry "AUT"]
[BlackTeamCountry "AUT"]

1. d4 Nf6 2. c4 g6 3. Nf3 Bg7 4. g3 c5 5. d5 d6 6. Nc3 0-0 7. Bg2 Na6 8. 0-0 Nc7 9. Bf4 Bd7 10. e4 Nh5 11. Be3 b5 12. e5 b4 13. Ne4 Bf5 14. Ned2 Qc8 15. h3 Bxh3 16. Bxh3 Qxh3 17. Ng5 Qd7 18. g4 h6 19. gxh5 hxg5 20. e6 Qe8 21. Ne4 fxe6 22. Nxg5 exd5 23. cxd5 Rf5 24. Qg4 Nxd5 25. Ne4 Rxh5 26. Ng5 Qc8 27. Qg2 Nf6 28. Ne6 Re5 29. Nxg7 Kxg7 30. Bf4 Rh5 31. Rfe1 e5 32. Bg5 Nh7 33. Be7 Rb8 34. Bxd6 Rg5 35. Bxe5+ Kf7 36. Bg3 Qb7 37. Qh3 Nf6 38. Qe6+ Kg7 39. Qd6 Qb6 40. Qe7+ Kh6 41. Re6 Ng8 42. Rxb6 1-0

[Event "Steyr Landesliga 1415"]
[Site "Austria"]
[Date "2015.03.21"]
[Round "9.3"]
[White "Postl, Anton"]
[Black "Nuster, Erwin"]
[Result "1/2-1/2"]
[WhiteElo "2272"]
[BlackElo "2163"]
[PlyCount "105"]
[EventDate "2014.09.27"]
[EventType "team-tourn"]
[EventRounds "11"]
[EventCountry "AUT"]
[SourceTitle "EXT 2016"]
[Source "ChessBase"]
[SourceDate "2015.10.08"]
[SourceVersion "1"]
[SourceVersionDate "2015.10.08"]
[SourceQuality "1"]
[WhiteTeam "Fuerstenfeld/Hartberg"]
[BlackTeam "Feldbach Kirchberg"]
[WhiteTeamCountry "AUT"]
[BlackTeamCountry "AUT"]

1. d4 g6 2. c4 Bg7 3. Nf3 c5 4. d5 e5 5. e4 d6 6. Be2 Ne7 7. Nc3 a6 8. h4 h5 9. a3 Nd7 10. Ng5 Nf6 11. f3 Nh7 12. b4 b6 13. Rb1 Nxg5 14. Bxg5 f6 15. Bd2 Bh6 16. Bxh6 Rxh6 17. bxc5 bxc5 18. 0-0 g5 19. Qd2 Ng6 20. g3 Rh7 21. hxg5 fxg5 22. Na4 h4 23. g4 Nf4 24. Rb6 Rc7 25. Rfb1 Ke7 26. Bd1 Qf8 27. Kh2 Bd7 28. Rxd6 Kxd6 29. Rb6+ Bc6 30. Nxc5 Ke7 31. dxc6 Qd8 32. Nd7 Rxd7 33. Qxd7+ Qxd7 34. cxd7 Kxd7 35. c5 Kc7 36. Ba4 Rd8 37. Rxa6 Rd2+ 38. Kh1 Rd3 39. Bb5 Rxf3 40. c6 Rc3 41. Ra7+ Kb8 42. Rb7+ Kc8 43. a4 Rc1+ 44. Kh2 Rc2+ 45. Kg1 Ne6 46. a5 Nd4 47. a6 Nxc6 48. Rg7 Kb8 49. Rxg5 Nd4 50. Rg8+ Ka7 51. Rg7+ Ka8 52. Bd3 Rd2 53. Bc4 1/2-1/2

[Event "AUT-chT 1213"]
[Site "Austria"]
[Date "2013.03.22"]
[Round "9.6"]
[White "Postl, Anton"]
[Black "Kreisl, Robert"]
[Result "1-0"]
[WhiteElo "2259"]
[BlackElo "2419"]
[PlyCount "75"]
[EventDate "2012.11.02"]
[EventType "team-tourn"]
[EventRounds "11"]
[EventCountry "AUT"]
[SourceTitle "EXT 2014"]
[Source "ChessBase"]
[SourceDate "2013.11.20"]
[SourceVersion "1"]
[SourceVersionDate "2013.11.20"]
[SourceQuality "1"]
[WhiteTeam "Fuerstenfeld"]
[BlackTeam "Maria Saal"]
[WhiteTeamCountry "AUT"]
[BlackTeamCountry "AUT"]

1. d4 d5 2. c4 c6 3. Nf3 Nf6 4. Nc3 dxc4 5. a4 Bf5 6. Ne5 Nbd7 7. Nxc4 Qc7 8. g3 e5 9. dxe5 Nxe5 10. Bf4 Nfd7 11. Bg2 f6 12. 0-0 g5 13. Ne3 Be6 14. Bxe5 Nxe5 15. Qc2 0-0-0 16. a5 a6 17. Ne4 Be7 18. b4 h5 19. Rfc1 h4 20. b5 axb5 21. a6 b6 22. Qb2 b4 23. f4 gxf4 24. gxf4 h3 25. Bh1 Rhg8+ 26. Ng3 Bc5 27. Rxc5 bxc5 28. fxe5 fxe5 29. Qc2 e4 30. Qxe4 Rxg3+ 31. hxg3 Qxg3+ 32. Kf1 Rf8+ 33. Bf3 Bd5 34. Nxd5 Qg2+ 35. Ke1 Qg1+ 36. Kd2 Qxa1 37. Qe6+ Kb8 38. Qd6+ 1-0

[Event "AUT-chT 1213"]
[Site "Austria"]
[Date "2013.03.21"]
[Round "8.6"]
[White "Breder, Dennis"]
[Black "Postl, Anton"]
[Result "1-0"]
[WhiteElo "2438"]
[BlackElo "2259"]
[PlyCount "139"]
[EventDate "2012.11.02"]
[EventType "team-tourn"]
[EventRounds "11"]
[EventCountry "AUT"]
[SourceTitle "EXT 2014"]
[Source "ChessBase"]
[SourceDate "2013.11.20"]
[SourceVersion "1"]
[SourceVersionDate "2013.11.20"]
[SourceQuality "1"]
[WhiteTeam "Hohenems"]
[BlackTeam "Fuerstenfeld"]
[WhiteTeamCountry "AUT"]
[BlackTeamCountry "AUT"]

1. e4 c5 2. Nf3 d6 3. Bb5+ Nd7 4. d4 Ngf6 5. Nc3 cxd4 6. Qxd4 e5 7. Qd3 h6 8. Bc4 a6 9. a4 Qc7 10. Be3 Nc5 11. Bxc5 Qxc5 12. 0-0 Be7 13. Nd5 Nxd5 14. Bxd5 0-0 15. Rfb1 a5 16. Ra3 Rb8 17. Rc3 Qb6 18. Qc4 Bd8 19. Rb3 Qc7 20. Nd2 Bd7 21. Ra1 b6 22. Qxc7 Bxc7 23. Rc3 Rfc8 24. Nc4 Bxa4 25. Rxa4 b5 26. Rxa5 bxc4 27. Ra2 Bb6 28. Rxc4 Rxc4 29. Bxc4 Kf8 30. Kf1 g6 31. Bd5 Ke7 32. Ke2 f5 33. g3 f4 34. gxf4 exf4 35. Kf3 Kf6 36. c3 Ke5 37. h3 h5 38. Bf7 Kf6 39. Bc4 Ke5 40. Ra1 g5 41. Rg1 Bd8 42. b3 Rc8 43. Ra1 Bb6 44. Rg1 Bd8 45. Rd1 Rc5 46. Rd3 Ba5 47. b4 Rxc4 48. Rd5+ Ke6 49. bxa5 Rxc3+ 50. Kg2 Rc4 51. Rxg5 Rxe4 52. Rxh5 Ra4 53. Kf3 Ra2 54. h4 Kf6 55. Rb5 Ke6 56. h5 Kf6 57. Rd5 Kg7 58. Rf5 Kh6 59. Rb5 Kg7 60. Rd5 Kh7 61. Kxf4 Rxf2+ 62. Kg5 Re2 63. Kf6 Kh6 64. a6 Ra2 65. Rxd6 Kxh5 66. Ke7 Kg5 67. Kd8 Kf5 68. Kc7 Ke5 69. Rb6 Kd5 70. Kb7 1-0

[Event "AUT-chT 1213"]
[Site "Austria"]
[Date "2013.01.17"]
[Round "4.5"]
[White "Postl, Anton"]
[Black "Bischoff, Klaus"]
[Result "0-1"]
[WhiteElo "2259"]
[BlackElo "2519"]
[PlyCount "80"]
[EventDate "2012.11.02"]
[EventType "team-tourn"]
[EventRounds "11"]
[EventCountry "AUT"]
[SourceTitle "EXT 2014"]
[Source "ChessBase"]
[SourceDate "2013.11.20"]
[SourceVersion "1"]
[SourceVersionDate "2013.11.20"]
[SourceQuality "1"]
[WhiteTeam "Fuerstenfeld"]
[BlackTeam "Jenbach"]
[WhiteTeamCountry "AUT"]
[BlackTeamCountry "AUT"]

1. d4 Nf6 2. c4 c5 3. d5 b5 4. cxb5 a6 5. bxa6 g6 6. Nc3 Bxa6 7. e4 Bxf1 8. Kxf1 d6 9. Nf3 Bg7 10. g3 0-0 11. Kg2 Nbd7 12. Qe2 Qb6 13. Rd1 Qa6 14. Qxa6 Rxa6 15. Bg5 h6 16. Bd2 Rb8 17. Rab1 Ne8 18. b3 Bxc3 19. Bxc3 Rxa2 20. Nd2 f5 21. Ra1 Rxa1 22. Rxa1 fxe4 23. Nxe4 Rb7 24. Bd2 Kh7 25. Ra8 Nc7 26. Rd8 Nxd5 27. g4 g5 28. h4 gxh4 29. g5 hxg5 30. Bxg5 Kg6 31. Bxh4 N7f6 32. Bxf6 Nxf6 33. Nd2 Kf5 34. Kf3 Rb4 35. Ke3 Rh4 36. f3 Rh2 37. Rf8 Ke6 38. Kd3 Nd7 39. Re8 Ne5+ 40. Ke3 d5 0-1

[Event "AUT-chT2M 1112"]
[Site "Austria"]
[Date "2012.04.28"]
[Round "10.3"]
[White "Genser, Harald"]
[Black "Postl, Anton"]
[Result "1-0"]
[WhiteElo "2291"]
[BlackElo "2270"]
[PlyCount "55"]
[EventDate "2011.10.21"]
[EventType "team-tourn"]
[EventRounds "11"]
[EventCountry "AUT"]
[SourceTitle "EXT 2013"]
[Source "ChessBase"]
[SourceDate "2012.11.22"]
[SourceVersion "1"]
[SourceVersionDate "2012.11.22"]
[SourceQuality "1"]
[WhiteTeam "Die Klagenfurter"]
[BlackTeam "Fuerstenfeld"]
[WhiteTeamCountry "AUT"]
[BlackTeamCountry "AUT"]

1. d4 Nf6 2. c4 g6 3. Nc3 Bg7 4. e4 d6 5. Nf3 0-0 6. Be2 e5 7. 0-0 Nc6 8. d5 Ne7 9. Ne1 Nd7 10. Nd3 f5 11. f3 f4 12. Bd2 g5 13. Rc1 Ng6 14. c5 Nf6 15. Nb5 Rf7 16. Ba5 b6 17. cxd6 bxa5 18. dxc7 Qf8 19. Nc5 a6 20. Ne6 Qe7 21. Nxg5 axb5 22. Nxf7 Kxf7 23. Bxb5 Qb4 24. Bc6 Ra7 25. d6 Qd4+ 26. Kh1 Qxd1 27. Rfxd1 Ke6 28. d7 1-0

[Event "AUT-chT2M 1112"]
[Site "Austria"]
[Date "2012.03.04"]
[Round "9.2"]
[White "Postl, Anton"]
[Black "Kozul, Zdenko"]
[Result "0-1"]
[WhiteElo "2270"]
[BlackElo "2541"]
[PlyCount "44"]
[EventDate "2011.10.21"]
[EventType "team-tourn"]
[EventRounds "11"]
[EventCountry "AUT"]
[SourceTitle "EXT 2013"]
[Source "ChessBase"]
[SourceDate "2012.11.22"]
[SourceVersion "1"]
[SourceVersionDate "2012.11.22"]
[SourceQuality "1"]
[WhiteTeam "Fuerstenfeld"]
[BlackTeam "Wolfsberg"]
[WhiteTeamCountry "AUT"]
[BlackTeamCountry "AUT"]

1. d4 Nf6 2. c4 g6 3. Nf3 Bg7 4. g3 0-0 5. Bg2 c6 6. 0-0 d6 7. Nc3 Qa5 8. h3 Be6 9. Nd2 Qa6 10. d5 cxd5 11. cxd5 Bd7 12. Nb3 Ba4 13. Be3 Nbd7 14. Qd4 Nb6 15. Qb4 Rfc8 16. Nd2 Be8 17. Rac1 Nc4 18. Nxc4 Rxc4 19. Qb3 Rac8 20. a3 Nd7 21. Rfd1 Nb6 22. Bf1 Bxc3 0-1

[Event "EU-Cup 20th"]
[Site "Izmir"]
[Date "2004.10.05"]
[Round "3.6"]
[White "Postl, Anton"]
[Black "Hentunen, Asko"]
[Result "1-0"]
[WhiteElo "2277"]
[BlackElo "2354"]
[PlyCount "71"]
[EventDate "2004.10.03"]
[EventType "team-swiss"]
[EventRounds "7"]
[EventCountry "TUR"]
[SourceTitle "CBM 104"]
[Source "ChessBase"]
[SourceDate "2005.01.27"]
[SourceVersion "1"]
[SourceVersionDate "2005.01.27"]
[SourceQuality "1"]
[WhiteTeam "Fuerstenfeld"]
[BlackTeam "Matinkylan"]
[WhiteTeamCountry "AUT"]
[BlackTeamCountry "FIN"]

1. d4 Nf6 2. c4 e6 3. Nf3 b6 4. g3 Ba6 5. Qb3 c6 6. Bg5 Be7 7. Nc3 d5 8. Bxf6 Bxf6 9. e4 dxc4 10. Bxc4 b5 11. Be2 Bxd4 12. 0-0-0 e5 13. Nxe5 0-0 14. Nf3 c5 15. Bxb5 Bxb5 16. Qxb5 Qf6 17. Nxd4 cxd4 18. Nd5 Qe5 19. Rhe1 Nc6 20. f4 Qd6 21. Kb1 Rfe8 22. Rc1 Rac8 23. Rc2 Nb8 24. Rec1 Rcd8 25. Qb7 d3 26. Rd2 Qe6 27. Rxd3 Rd7 28. Qb4 f5 29. exf5 Qxf5 30. Qc4 Kh8 31. Ka1 Red8 32. Rcd1 a5 33. a3 h6 34. h3 Qxh3 35. Qe4 Na6 36. Nf6 1-0